Некоторые фациальные и геохимические особенности формирования железорудной толщи Бакчарского месторождения; Известия Томского политехнического института [Известия ТПИ]; Т. 177 : Геология

Bibliografiske detaljer
Parent link:Известия Томского политехнического института [Известия ТПИ]/ Томский политехнический институт (ТПИ).— , 1944-1976
Т. 177 : Геология.— 1971.— [С. 45-51]
Hovedforfatter: Кондаков А. Н.
Summary:Заглавие с титульного листа
Электронная версия печатной публикации
Sprog:russisk
Udgivet: 1971
Fag:
Online adgang:Черно-белая версия для предварительного просмотра
Цветная версия без потери качества
Format: MixedMaterials Electronisk Book Chapter
KOHA link:https://koha.lib.tpu.ru/cgi-bin/koha/opac-detail.pl?biblionumber=213368

MARC

LEADER 00000nla2a2200000 4500
001 213368
005 20231031193100.0
035 |a (RuTPU)RU\TPU\book\233148 
035 |a RU\TPU\book\233146 
090 |a 213368 
100 |a 20120409d1971 k y0rusy50 ca 
101 0 |a rus 
102 |a RU 
135 |a drnn ---uucaa 
181 0 |a i  
182 0 |a b 
200 1 |a Некоторые фациальные и геохимические особенности формирования железорудной толщи Бакчарского месторождения  |b Электронный ресурс  |f А. Н. Кондаков 
203 |a Текст  |c электронный 
215 |a 2 файла (340 Кб, 9.8 Мб) 
230 |a Электронные текстовые данные (2 файла : 340 Кб, 9.8 Мб) 
300 |a Заглавие с титульного листа 
300 |a Электронная версия печатной публикации 
320 |a [Библиогр.: с. 51 (5 назв.)] 
337 |a Adobe Reader 
461 1 |0 (RuTPU)RU\TPU\book\200995  |t Известия Томского политехнического института [Известия ТПИ]  |f Томский политехнический институт (ТПИ)  |d 1944-1976 
463 1 |0 (RuTPU)RU\TPU\book\233129  |t Т. 177 : Геология  |v [С. 45-51]  |d 1971  |p 218 с. 
610 1 |a электронный ресурс 
610 1 |a труды учёных ТПУ 
700 1 |a Кондаков  |b А. Н. 
801 1 |a RU  |b 63413507  |c 20090320  |g PSBO 
801 2 |a RU  |b 63413507  |c 20120913  |g PSBO 
856 4 |u http://www.lib.tpu.ru/fulltext/v/Bulletin_TPU/1971/v177/07_bw.pdf  |z Черно-белая версия для предварительного просмотра 
856 4 |u http://www.lib.tpu.ru/fulltext/v/Bulletin_TPU/1971/v177/07_full.pdf  |z Цветная версия без потери качества 
942 |c CF